000 00565ntaaa2200205 4500
003 01
005 20251027201443.0
008 0714s1973 ag 01
040 _aAR-BaBN
_bspa
_cAR-BaBN
_eaacr
_dRIC
082 _a226.21 M99
100 _aMyres, William V.
_913182
245 _aDesign for happiness /
_cWilliam V. Myres
260 _a[S.l.] :
_bBroadman Press,
_cc1961
300 _a124 p.
500 _aBAJA PATRIMONIAL POR OBSOLESCENCIA 20190301 INV.014703
650 _aSermon del monte
650 _aMateo
_94387
650 _aPsicologia
_92648
942 _cBK
999 _c9076
_d9076